Statystyki dla Miasta wysunięte najbardziej na północ

Kliknij tutaj aby rozwiązać quiz!

Ogólne statystyki

  • Ten quiz został rozwiązany 2 218 razy
  • Średni wynik to 8 z 20

Statystyki odpowiedzi

°NMiasto% Poprawnych
59,91Oslo
92%
59,33Sztokholm
89%
55,76Moskwa
88%
60,17Helsinki
87%
59,93Petersburg
81%
55,68Kopenhaga
74%
53,90Mińsk
39%
55,86Glasgow
37%
55,73Kazań
30%
53,55Hamburg
28%
55,04Nowosybirsk
24%
56,86Jekaterynburg
23%
56,32Niżny Nowogród
23%
54,75Ufa
21%
58,00Perm
20%
54,99Omsk
18%
53,79Leeds
17%
55,21Czelabińsk
15%
53,55Edmonton
13%
56,01Krasnojarsk
11%

Rozkład punktacji

Percentyl według liczby udzielonych odpowiedzi

Procent ludzi z każdym wynikiem

Twoja historia wyników

Nie rozwiązałeś tego quizu